<?xml version="1.0" encoding="UTF-8"?>
<marc:record xmlns:marc="http://www.loc.gov/MARC21/slim">
   <marc:leader>00000nam a2200000 a 4500</marc:leader>
   <marc:datafield ind1="1" ind2=" " tag="100">
      <marc:subfield code="a">Pearson, Luke</marc:subfield>
      <marc:subfield code="4">aut</marc:subfield>
      <marc:subfield code="e">Verfasser/-in</marc:subfield>
   </marc:datafield>
   <marc:datafield ind1="1" ind2=" " tag="100">
      <marc:subfield code="a">Wieland, Matthias</marc:subfield>
   </marc:datafield>
   <marc:datafield ind1="0" ind2="0" tag="245">
      <marc:subfield code="a">Hilda und der Mitternachtsriese</marc:subfield>
   </marc:datafield>
   <marc:datafield ind1="0" ind2="0" tag="245">
      <marc:subfield code="c">Luke Pearson. Aus dem Engl. von Matthias Wieland</marc:subfield>
   </marc:datafield>
   <marc:datafield ind1=" " ind2="1" tag="264">
      <marc:subfield code="a">Berlin</marc:subfield>
      <marc:subfield code="b">Reprodukt</marc:subfield>
      <marc:subfield code="c">2018</marc:subfield>
   </marc:datafield>
   <marc:datafield ind1="1" ind2=" " tag="490">
      <marc:subfield code="a">Hilda</marc:subfield>
      <marc:subfield code="v">02</marc:subfield>
   </marc:datafield>
   <marc:datafield ind1=" " ind2=" " tag="250">
      <marc:subfield code="a">2. Aufl.</marc:subfield>
   </marc:datafield>
   <marc:datafield ind1="1" ind2=" " tag="520">
      <marc:subfield code="a">Hilda lebt mit ihrer Mutter in den Bergen, umgeben von den wunderlichsten Freunden, die man sich denken kann: Trolle, Fuchshörnchen, Woffel und Holzmänner... Als ihr Haus eines Nachts vom "verborgenen Volk" mit Steinen und Drohbriefen bombardiert wird, ist der Frieden jedoch vorbei und für Hilda beginnt ein großes Abenteuer. So groß wie der geheimnisvolle Mitternachtsriese, den sie seit einiger Zeit durch ihr Tal streifen sieht. In ihrem Reichtum stehen das fantasievolle Universum und die vielschichtigen Figuren von Hildas Schöpfer Luke Pearson in der Tradition der Werke von Tove Jansson (MuMINS) oder Hayao Miyazaki (PRINZESSIN MoNoNoKE).</marc:subfield>
   </marc:datafield>
   <marc:datafield ind1=" " ind2=" " tag="020">
      <marc:subfield code="a">9783956401152</marc:subfield>
      <marc:subfield code="9">9783956401152</marc:subfield>
   </marc:datafield>
   <marc:datafield ind1=" " ind2=" " tag="020">
      <marc:subfield code="a">3956401158</marc:subfield>
      <marc:subfield code="9">3956401158</marc:subfield>
   </marc:datafield>
   <marc:datafield ind1=" " ind2=" " tag="300">
      <marc:subfield code="a">[24] Bl. : zahlr. Ill.</marc:subfield>
   </marc:datafield>
</marc:record>
